MARC

LEADER 00000nam0a2200000 4500
001 272768
005 20231101234551.0
020 |a RU  |b 87-66678 
035 |a (RuTPU)RU\TPU\book\295977 
090 |a 272768 
100 |a 20141021d1987 k y0rusy5003 ca 
101 0 |a rus 
102 |a RU 
105 |a a z 000zy 
200 1 |a Наука. Техника. Прогресс  |e сборник  |f Б. Е. Патон  |g Академия наук СССР (АН СССР) ; под ред. Г. А. Николаева 
210 |a Москва  |c Наука  |d 1987 
215 |a 414 с.  |c ил. 
225 1 |a Наука Мировоззрение Жизнь 
606 1 |a Академия наук СССР  |2 stltpush  |3 (RuTPU)RU\TPU\subj\1608  |9 30348 
610 1 |a наука 
610 1 |a научные исследования 
610 1 |a техника 
610 1 |a научно-технический прогресс 
610 1 |a УССР 
610 1 |a научное творчество 
610 1 |a управление 
610 1 |a интеграция 
610 1 |a производство 
610 1 |a электросварка 
610 1 |a металлургия 
610 1 |a ученые 
686 |a Ч214(2)71  |2 rubbk 
700 1 |a Патон  |b Б. Е.  |g Борис Евгеньевич  |4 070 
702 1 |a Николаев  |b Г. А.  |4 340 
712 0 2 |a Академия наук СССР (АН СССР)  |c (1925-1991)  |2 stltpush  |3 (RuTPU)RU\TPU\col\722 
801 0 |a RU  |b RuMRKP  |c 19950417  |g psbo 
801 1 |a RU  |b 63413507  |c 20141021 
801 2 |a RU  |b 63413507  |c 20160408  |g RCR 
942 |c BK